000 00816nam a2200229Ii 4500
003 JO-AjNU
008 230605s9999||||xx |||||||||||||| ||und||
017 _a2014/8/1010
020 _a978-9957-594-00-0
040 _aJO-AjNU
_bara
_erda
_cJO-AjNU
041 _aara
050 1 4 _aCT2733 2015
100 3 _aعبد الرحمن، بخيته الهادي,
_eauthor
_950411
245 0 0 _aالإمام الهادي المهدي وجهوده الدينية والاجتماعية والاقتصادية والسياسية 1922-1970
250 _aط1
264 3 1 _aعمان: دار الجنان للنشر والتوزيع، 2015
300 _a193ص
336 _atext
_btxt
_2rdacontent
337 _aunmediated
_bn
_2rdamedia
338 _avolume
_bnc
_2rdacarrier
650 4 _aالسودان - تراجم
_950412
999 _aA22205
_c25773
_d25773